Built to last (Record no. 76319)
[ view plain ]
| 000 -LEADER | |
|---|---|
| fixed length control field | 01041cab a2200205 4500 |
| 001 - CONTROL NUMBER | |
| control field | ##L132076 |
| 008 - FIXED-LENGTH DATA ELEMENTS--GENERAL INFORMATION | |
| fixed length control field | 060103n2005 000 0 eng u |
| 035 ## - SYSTEM CONTROL NUMBER | |
| System control number | (Sirsi) u132076 |
| 041 0# - LANGUAGE CODE | |
| Language code of text/sound track or separate title | eng |
| 100 1# - MAIN ENTRY--PERSONAL NAME | |
| Personal name | Jones, Peter |
| 245 00 - TITLE STATEMENT | |
| Title | Built to last |
| Remainder of title | sustainable development in the construction industry |
| 260 ## - PUBLICATION, DISTRIBUTION, ETC. | |
| Date of publication, distribution, etc. | 2005 |
| 490 #0 - SERIES STATEMENT | |
| Series statement | Town & Country Planning |
| Volume/sequential designation | 74(12) December 2005, 372-375(4) |
| 520 ## - SUMMARY, ETC. | |
| Summary, etc. | Reviews how the construction industry addresses the sustainability agenda, as revealed by searching the websites of major construction companies. Reveals that common themes can be found in the statements of most of the companies, including environmental impact of their activities, the social impact on communities, employees and society at large, and the economic impact, both locally and nationally, measured by job creation and development of local infrastructure. |
| 590 ## - LOCAL NOTE (RLIN) | |
| Local note | IKA030106 |
| 690 ## - LOCAL SUBJECT ADDED ENTRY--TOPICAL TERM (OCLC, RLIN) | |
| Topical term or geographic name as entry element | BUILT ENVIRONMENT-SUSTAINABLE CONSTRUCTION |
| 700 1# - ADDED ENTRY--PERSONAL NAME | |
| Personal name | Comfort, Daphne |
| 700 1# - ADDED ENTRY--PERSONAL NAME | |
| Personal name | Hillier, David |
| 942 ## - ADDED ENTRY ELEMENTS (KOHA) | |
| Suppress in OPAC | 0 |
| Withdrawn status | Lost status | Source of classification or shelving scheme | Damaged status | Not for loan | Home library | Current library | Shelving location | Date acquired | Total Checkouts | Full call number | Barcode | Date last seen | Copy number | Price effective from | Koha item type |
|---|---|---|---|---|---|---|---|---|---|---|---|---|---|---|---|
| Dewey Decimal Classification | London | London | Journal article | 03/01/2006 | L132076 | 132076-1001 | 06/08/2019 | 1 | 06/08/2019 | Journal article |